The Clubs Chelsea Bought From - Statistics

General Stats
  • This quiz has been taken 250 times
  • The average score is 13 of 16
Answer Stats
# Player Club % Correct
10 Christian Pulisic Borussia Dortmund
96%
7 N'Golo Kanté Leicester City
96%
21 Ben Chilwell Leicester City
96%
18 Olivier Giroud Arsenal
95%
17 Mateo Kovačić Real Madrid
95%
22 Hakim Ziyech Ajax
94%
11 Timo Werner RB Leipzig
90%
1 Kepa Athletic Club
88%
29 Kai Havertz Bayer Leverkusen
86%
5 Jorginho Napoli
83%
2 Antonio Rüdiger AS Roma
82%
33 Emerson AS Roma
82%
28 César Azpilicueta Olympique de Marseille
63%
16 Édouard Mendy Stade Rennais
61%
3 Marcos Alonso Fiorentina
51%
15 Kurt Zouma Saint-Étienne
38%
No matching quizzes found
Score Distribution
Percent of People with Each Score
Percentile by Number Answered
Your Score History
You have not taken this quiz